000 00475nmm a2200169Ia 4500
008 251105s9999||||xx |||||||||||||||||und||
041 _aspa
100 _aKingsolver, Barbara
245 0 _aÁrboles de judías
264 _a[Madrid, España] :
_bLa Galera,
_c2010
300 _a225 páginas
650 _aTeen & Young Adult Fiction
700 _aKingsolver, Barbara
700 1 _a Devesa, Pepa
856 _uhttps://public.digitaliapublishing.com/a/32424
942 _cCF
999 _c67470
_d67470